000 01022nam a22002417a 4500
005 20260210170556.0
008 260210b |||||||| |||| 00| 0 eng d
020 _a9788179652558 (hbk)
037 _cTB
040 _aCRL
_cCRL
041 _2hin
_ahin
084 _aNT0a4 152P2;Q5
100 _aतनेजा, जयदेव
_91114941
245 _aरंगकर्म और मीडिया
250 _a2 संस्करण
260 _aनई दिल्ली, भारत:
_bतक्षशिला प्रकाशन,
_c2015.
300 _a320पृ.
365 _b700.00
_cINR
650 _aललित कला
_91114942
650 _aथिएटर
_91114943
942 _2CC
_cTB
_e2 संस्करण
_hNT0a4 152P2;Q5
_n0
999 _c1679166
_d1679166